Ontología I. Fundamentos
Guardado en:
| Autor principal: | |
|---|---|
| Formato: | Libro |
| Lenguaje: | Spanish |
| Publicado: |
México, Distrito Federal
Fondo de Cultura Económica
1954
|
| Materias: | |
| Etiquetas: |
Agregar Etiqueta
Sin Etiquetas, Sea el primero en etiquetar este registro!
|
MARC
| LEADER | 00000nam a22000007a 4500 | ||
|---|---|---|---|
| 008 | 180706b xxu||||| |||| 00| 0 spa d | ||
| 040 | |a cru BVZT | ||
| 090 | |a 100 H-5o v.1 | ||
| 100 | |a Hartmann, Nicolai | ||
| 245 | |a Ontología I. Fundamentos |c José Gaos, traductor | ||
| 260 | |a México, Distrito Federal |b Fondo de Cultura Económica |c 1954 | ||
| 300 | |a 383 páginas. Vol.1 | ||
| 650 | |a FILOSOFIA |9 5 | ||
| 650 | |a ONTOLOGÍA | ||
| 999 | |c 30552 |d 30552 | ||
| 942 | |c LIB |h 100 H-5o v.1 |2 z | ||
